[Event "Titled Tue 26th Aug Late"]
[Site "chess.com INT"]
[Date "2025.08.26"]
[Round "3"]
[White "Yeganegi, Barad"]
[Black "Henriquez Villagra, Cristobal"]
[Result "1/2-1/2"]
[WhiteTitle "FM"]
[BlackTitle "GM"]
[WhiteElo "2400"]
[BlackElo "2592"]
[WhiteFideId "42516340"]
[BlackFideId "3409350"]
[EventDate "2025.08.26"]

1. Nf3 d5 2. b3 c6 3. Bb2 Bf5 4. h3 e6 5. d3 h6 6. Nbd2 Nf6 7. g3 a5 8. a3 Be7
9. Bg2 O-O 10. O-O Bh7 11. Re1 c5 12. e4 Nc6 13. exd5 Nxd5 14. Ne4 a4 15. bxa4
Nb6 16. Rb1 Nxa4 17. Ba1 Qc7 18. Qd2 Rfd8 19. Nc3 Nxc3 20. Qxc3 Bf6 21. Qxc5 Be7
22. Qc3 Bf8 23. Ne5 Rxa3 24. Qb2 Nxe5 25. Rxe5 Rda8 26. Ree1 R8a7 27. Rbc1 b6
28. Qd4 Ra2 29. c4 Qc5 30. Qxc5 Bxc5 31. d4 Bb4 32. Bc3 Ba3 33. Ra1 Bd6 34. Rxa2
Rxa2 35. d5 Rc2 36. Bd4 Rxc4 37. Bxb6 Bb4 38. Ra1 Bg6 39. dxe6 fxe6 40. Bf3 Rc8
41. Ra7 Bf8 42. Bd4 Rd8 43. Be5 Bf7 44. Kg2 Rc8 45. Rb7 Rd8 46. Be4 Rc8 47. f4
Be8 48. Ra7 Bc6 49. Kf3 Bxe4+ 50. Kxe4 Rc4+ 51. Kf3 Rb4 52. Kg4 Rb3 53. Kh4 Rd3
54. Ra8 Kf7 55. Kg4 Rd7 56. h4 Rb7 57. h5 Be7 58. Rh8 Rd7 59. Rc8 Rb7 60. Rc4
Rd7 61. f5 exf5+ 62. Kxf5 Rb7 63. g4 Bg5 64. Rc6 Be7 65. Rg6 Bf8 66. Bc3 Rb1 67.
Rc6 Rf1+ 68. Ke4 Rg1 69. Rc7+ Kg8 70. Kf5 Rd1 71. Be5 Rb1 72. Rc6 Kf7 73. Rc7+
Kg8 74. Bd4 Rd1 75. Be3 Rd5+ 76. Ke4 Rd8 77. Bd4 Re8+ 78. Kf5 Re7 79. Rc8 Rf7+
80. Kg6 Rf4 81. Be5 Rxg4+ 82. Kf5 Rg5+ 83. Ke6 Rxh5 84. Bd6 Kh7 85. Rxf8 Rg5 86.
Rf7 Rg6+ 87. Ke5 Rf6 88. Rd7 Rg6 89. Bf8 Rg5+ 90. Kf4 Kg8 91. Be7 Rg6 92. Bc5
Kh7 93. Bd4 Rg2 94. Kf3 Rg5 95. Ke4 Rg4+ 96. Ke5 Rg5+ 97. Kf4 Kg8 98. Be5 Rg6
99. Kf5 Rg2 100. Bf4 Kh7 101. Rc7 Rg6 102. Rc8 Rg2 103. Ke5 Rg6 104. Kf5 Rf6+
105. Ke5 Rg6 106. Rc7 Rg4 107. Ra7 Rg6 108. Kf5 Rf6+ 109. Kg4 Rg6+ 110. Kh5 Rf6
111. Bd2 Rf5+ 112. Kg4 Rf6 113. Bc3 Rg6+ 114. Kh4 Rg5 115. Bf6 Rg6 116. Bd4 Rg2
117. Kh5 Rg5+ 118. Kh4 Rg6 119. Be5 Rg5 120. Bf4 Rg6 121. Ra5 Rg2 122. Kh3 Rg6
123. Ra7 Rf6 124. Bd2 Rg6 125. Kh4 Rg2 126. Bc3 Rg5 127. Bf6 Rg6 128. Bc3 Rg2
129. Ra8 Rg5 130. Kh3 Rg6 131. Ba1 Rg5 132. Ra7 Rg6 133. Kh4 Rg5 134. Rxg7+ Rxg7
135. Bxg7 Kxg7 136. Kh5 Kh7 137. Kh4 Kg6 138. Kg4 h5+ 139. Kh4 Kh6 140. Kh3 Kg5
141. Kh2 h4 142. Kh1 Kg4 143. Kg1 h3 144. Kh1 Kg3 145. Kg1 h2+ 146. Kh1 Kh3 1/2-1/2

[Event "Titled Tue 26th Aug Late"]
[Site "chess.com INT"]
[Date "2025.08.26"]
[Round "4"]
[White "Zakarian, David"]
[Black "Popov, Tikhon"]
[Result "0-1"]
[WhiteTitle "FM"]
[BlackTitle "FM"]
[WhiteElo "2301"]
[BlackElo "2335"]
[WhiteFideId "13301276"]
[BlackFideId "24252026"]
[EventDate "2025.08.26"]

1. Nf3 Nf6 2. e3 g6 3. b4 Bg7 4. Bb2 O-O 5. Be2 b6 6. O-O Bb7 7. c4 d6 8. d4
Nbd7 9. Nfd2 c5 10. bxc5 bxc5 11. Bf3 Bxf3 12. Nxf3 Rb8 13. Qc2 Qc7 14. d5 Rxb2
15. Qxb2 Nxd5 16. Qc2 Nb4 0-1

[Event "Titled Tue 26th Aug Late"]
[Site "chess.com INT"]
[Date "2025.08.26"]
[Round "4"]
[White "Kona, Vidip"]
[Black "Atis, Hasan"]
[Result "1-0"]
[BlackTitle "CM"]
[WhiteElo "2145"]
[BlackElo "2104"]
[WhiteFideId "30990440"]
[BlackFideId "44598017"]
[EventDate "2025.08.26"]

1. Nf3 d5 2. c4 e6 3. b3 Nf6 4. Bb2 b6 5. e3 Bb7 6. Be2 Nbd7 7. O-O Bd6 8. Qc2
O-O 9. d4 Qe7 10. Nc3 a6 11. a3 Rfc8 12. Rac1 c5 13. dxc5 Nxc5 14. cxd5 Nxd5 15.
b4 Ne4 16. Nxd5 Bxd5 17. Qxc8+ 1-0

[Event "Titled Tue 26th Aug Late"]
[Site "chess.com INT"]
[Date "2025.08.26"]
[Round "4"]
[White "Urbina Perez, Juan Antonio"]
[Black "Ebrahimi Herab, Hamidreza"]
[Result "0-1"]
[WhiteTitle "FM"]
[BlackTitle "FM"]
[WhiteElo "2221"]
[BlackElo "2385"]
[WhiteFideId "2217368"]
[BlackFideId "22512888"]
[EventDate "2025.08.26"]

1. e4 c5 2. d4 cxd4 3. Qxd4 e6 4. Nc3 Nc6 5. Qd3 Nf6 6. Bf4 a6 7. O-O-O d5 8.
exd5 Nb4 9. Qg3 Nbxd5 10. Nxd5 exd5 11. Bd3 Be6 12. Nf3 Nh5 13. Qg5 Nxf4 14.
Qxf4 Bd6 15. Qg5 Qxg5+ 16. Nxg5 Bf4+ 0-1

[Event "Titled Tue 26th Aug Late"]
[Site "chess.com INT"]
[Date "2025.08.26"]
[Round "4"]
[White "Demaria, Juan Pablo"]
[Black "Popov, Konstantin"]
[Result "0-1"]
[WhiteTitle "FM"]
[BlackTitle "IM"]
[WhiteElo "2215"]
[BlackElo "2397"]
[WhiteFideId "104922"]
[BlackFideId "34137910"]
[EventDate "2025.08.26"]

1. e4 c5 2. Nf3 d6 3. d4 Nf6 4. Nc3 cxd4 5. Nxd4 a6 6. Bg5 Nbd7 7. f4 Qa5 8. Qf3
h6 9. Bxf6 Nxf6 10. O-O-O e5 11. Nb3 Qc7 12. f5 b5 13. g4 Bb7 14. h4 Rc8 15. Rh2
Be7 16. Re2 b4 17. Nd5 Nxd5 18. exd5 Bxh4 19. Kb1 a5 20. Nd4 O-O 21. Rh2 exd4 0-1

[Event "Titled Tue 26th Aug Late"]
[Site "chess.com INT"]
[Date "2025.08.26"]
[Round "4"]
[White "Liu, Zachary Hankun"]
[Black "Leiva, Gianmarco"]
[Result "1-0"]
[BlackTitle "IM"]
[WhiteElo "1998"]
[BlackElo "2379"]
[WhiteFideId "2640287"]
[BlackFideId "3804399"]
[EventDate "2025.08.26"]

1. e4 c5 2. Nf3 d6 3. d4 cxd4 4. Nxd4 Nf6 5. Nc3 a6 6. Bg5 e6 7. f4 Qb6 8. Qd2
Qxb2 9. Rb1 Qa3 10. f5 Nc6 11. Nxc6 bxc6 12. fxe6 fxe6 13. e5 dxe5 14. Bxf6 gxf6
15. Ne4 Bg7 16. Nd6+ Kf8 17. Nc4 Qc5 18. Be2 a5 19. Qd8+ 1-0

[Event "Titled Tue 26th Aug Late"]
[Site "chess.com INT"]
[Date "2025.08.26"]
[Round "4"]
[White "Palczert, Matyas"]
[Black "Manukian, Artak"]
[Result "1-0"]
[WhiteTitle "FM"]
[WhiteElo "2427"]
[BlackElo "2104"]
[WhiteFideId "784958"]
[BlackFideId "13301373"]
[EventDate "2025.08.26"]

1. e4 c6 2. d4 d5 3. Nc3 dxe4 4. Nxe4 Nf6 5. Nxf6+ exf6 6. c3 Bd6 7. Bd3 O-O 8.
Ne2 Qc7 9. Be3 c5 10. dxc5 Bxc5 11. Bxc5 Qxc5 12. O-O Nc6 13. Ng3 Ne5 14. Be4
Qb6 15. Qb3 Be6 16. Qxb6 axb6 17. b3 Rac8 18. Ne2 Rc7 19. Rfd1 f5 20. Bd5 g5 21.
c4 Rd8 22. f4 Bxd5 23. fxe5 Rcd7 24. cxd5 Rxd5 25. Nc3 Rxd1+ 26. Rxd1 Rc8 27.
Nd5 Rc2 28. Ne7+ Kg7 29. Nxf5+ Kg6 30. g4 Rxa2 31. Rd6+ 1-0

[Event "Titled Tue 26th Aug Late"]
[Site "chess.com INT"]
[Date "2025.08.26"]
[Round "4"]
[White "Ferriz Barrios, Andres"]
[Black "Kovacs, Reka"]
[Result "1-0"]
[WhiteTitle "FM"]
[BlackTitle "WCM"]
[WhiteElo "2102"]
[BlackElo "1915"]
[WhiteFideId "5104467"]
[BlackFideId "790702"]
[EventDate "2025.08.26"]

1. d4 Nf6 2. Nf3 e6 3. c4 Be7 4. Nc3 d5 5. Bg5 O-O 6. e3 Nbd7 7. Qc2 h6 8. Bh4
b6 9. Bd3 dxc4 10. Bxc4 Bb7 11. O-O-O c5 12. Ne5 Rc8 13. Bb5 cxd4 14. Rxd4 Bd5
15. Nxd7 Nxd7 16. Bxe7 Qxe7 17. Bxd7 Qxd7 18. e4 1-0

[Event "Titled Tue 26th Aug Late"]
[Site "chess.com INT"]
[Date "2025.08.26"]
[Round "4"]
[White "Jin, Ashton"]
[Black "Sarana, Alexey"]
[Result "0-1"]
[BlackTitle "GM"]
[WhiteElo "2196"]
[BlackElo "2691"]
[WhiteFideId "30931908"]
[BlackFideId "24133795"]
[EventDate "2025.08.26"]

1. d4 Nf6 2. Nf3 d5 3. Bf4 c5 4. e3 Nc6 5. Nbd2 Qb6 6. dxc5 Qxb2 7. Rb1 Qa3 8.
Bb5 g6 9. O-O Bg7 10. c4 O-O 11. cxd5 Nxd5 12. Qb3 Qxb3 13. Rxb3 Nc3 14. Bc4 Na5
15. Ra3 Nxc4 16. Nxc4 Be6 17. Nce5 Ne2+ 18. Kh1 Rfc8 19. Nd3 Nxf4 20. Nxf4 Bc4
21. Rd1 Rxc5 22. h4 e5 23. Nh3 Be6 24. Nhg5 Bg4 25. Ne4 Rc2 26. Kg1 f5 0-1

[Event "Titled Tue 26th Aug Late"]
[Site "chess.com INT"]
[Date "2025.08.26"]
[Round "4"]
[White "Rosen, Eric"]
[Black "Purygin, Andrei"]
[Result "1-0"]
[WhiteTitle "IM"]
[BlackTitle "FM"]
[WhiteElo "2377"]
[BlackElo "2309"]
[WhiteFideId "2032562"]
[BlackFideId "24111180"]
[EventDate "2025.08.26"]

1. d4 Nf6 2. Bf4 b6 3. Nf3 Bb7 4. c4 d5 5. e3 e6 6. Nc3 c5 7. cxd5 Nxd5 8. Bb5+
Nd7 9. Nxd5 Bxd5 10. Ne5 cxd4 11. Bxd7+ Ke7 12. Qxd4 1-0

[Event "Titled Tue 26th Aug Late"]
[Site "chess.com INT"]
[Date "2025.08.26"]
[Round "4"]
[White "Lisenkov, Svyatoslav"]
[Black "Gemy, Jose Daniel"]
[Result "1-0"]
[WhiteTitle "FM"]
[BlackTitle "IM"]
[WhiteElo "2343"]
[BlackElo "2325"]
[WhiteFideId "34264183"]
[BlackFideId "3301478"]
[EventDate "2025.08.26"]

1. e4 e5 2. Nc3 Bc5 3. Bc4 Nf6 4. d3 d6 5. f4 Nc6 6. Nf3 Be6 7. Bb5 Bg4 8. h3
Bxf3 9. Qxf3 h6 10. fxe5 dxe5 11. Nd5 Nxd5 12. exd5 Qh4+ 13. Kd1 a6 14. dxc6
axb5 15. cxb7 Rb8 16. Qc6+ Kf8 17. Qxc5+ Kg8 18. Qxe5 Qf2 19. Qe2 Qf6 20. Rf1
Qb6 21. Be3 Qxb7 22. Kd2 Re8 23. Qf3 c6 24. Bc5 f6 25. Rae1 Kf7 26. Qh5+ g6 27.
Qh4 f5 28. Rxf5+ gxf5 29. Qh5+ 1-0

[Event "Titled Tue 26th Aug Late"]
[Site "chess.com INT"]
[Date "2025.08.26"]
[Round "4"]
[White "Hovhannisyan, Hrayr"]
[Black "Mafra, Kaiser Luiz"]
[Result "1-0"]
[WhiteTitle "CM"]
[BlackTitle "CM"]
[WhiteElo "2203"]
[BlackElo "2080"]
[WhiteFideId "13308017"]
[BlackFideId "2106698"]
[EventDate "2025.08.26"]

1. d4 Nf6 2. c4 d6 3. Nf3 g6 4. g3 Bg7 5. Bg2 O-O 6. O-O c5 7. Nc3 Nc6 8. d5 Nb4
9. a3 Na6 10. e4 e5 11. dxe6 fxe6 12. Bf4 Ne8 13. Qd2 Qe7 14. Rad1 e5 15. Bg5
Qf7 16. Nd5 Bg4 17. Nh4 Bxd1 18. Qxd1 h6 19. Be3 Nac7 20. f4 Nxd5 21. exd5 Qe7
22. Nxg6 Qd7 23. Nxf8 Bxf8 24. fxe5 dxe5 25. Qh5 Qd6 26. Qf7+ 1-0

[Event "Titled Tue 26th Aug Late"]
[Site "chess.com INT"]
[Date "2025.08.26"]
[Round "4"]
[White "Vachier-Lagrave, Maxime"]
[Black "Svane, Rasmus"]
[Result "1-0"]
[WhiteTitle "GM"]
[BlackTitle "GM"]
[WhiteElo "2736"]
[BlackElo "2619"]
[WhiteFideId "623539"]
[BlackFideId "4657101"]
[EventDate "2025.08.26"]

1. c4 e6 2. Nc3 d5 3. d4 a6 4. cxd5 exd5 5. Bf4 Nf6 6. e3 Bd6 7. Bg3 O-O 8. Bd3
c6 9. Nf3 Bg4 10. Qb3 b5 11. Ne5 Be6 12. Qc2 Qe7 13. Bh4 h6 14. f4 Qd8 15. g4
Be7 16. Rg1 Nfd7 17. g5 Nxe5 18. dxe5 d4 19. O-O-O c5 20. gxh6 g6 21. Bxg6 Bxh4
22. Bxf7+ Kxf7 23. Rg7+ Ke8 24. Qg6+ Bf7 25. Rxf7 Rxf7 26. h7 Ke7 27. Qd6+ Qxd6
28. exd6+ 1-0

[Event "Titled Tue 26th Aug Late"]
[Site "chess.com INT"]
[Date "2025.08.26"]
[Round "4"]
[White "Poleg, Matan"]
[Black "Tang, Zoey"]
[Result "0-1"]
[WhiteTitle "FM"]
[BlackTitle "FM"]
[WhiteElo "2277"]
[BlackElo "2381"]
[WhiteFideId "2811472"]
[BlackFideId "30952530"]
[EventDate "2025.08.26"]

1. d4 Nf6 2. c4 e6 3. Nf3 d5 4. Nc3 c6 5. cxd5 exd5 6. Bg5 Be7 7. Qc2 h6 8. Bh4
O-O 9. e3 Ne4 10. Bxe7 Qxe7 11. Nxe4 dxe4 12. Nd2 Bf5 13. Be2 Nd7 14. Nc4 Nf6
15. Ne5 Nd5 16. a3 f6 17. Nc4 Bh7 18. Na5 f5 19. Bc4 f4 20. O-O-O fxe3 21. fxe3
Kh8 22. Bxd5 cxd5 23. Kb1 Rac8 24. Qe2 Qc7 25. Nb3 Qc4 26. Rhe1 Qxb3 0-1

[Event "Titled Tue 26th Aug Late"]
[Site "chess.com INT"]
[Date "2025.08.26"]
[Round "4"]
[White "Gatineau, Yovann"]
[Black "Esquivel Golcher, Luis Enrique"]
[Result "0-1"]
[WhiteTitle "IM"]
[BlackTitle "FM"]
[WhiteElo "2371"]
[BlackElo "2044"]
[WhiteFideId "26028999"]
[BlackFideId "6600174"]
[EventDate "2025.08.26"]

1. e4 e6 2. d4 d5 3. Nc3 Nf6 4. Bg5 dxe4 5. Nxe4 Be7 6. Nxf6+ Bxf6 7. Bxf6 Qxf6
8. Nf3 O-O 9. Qd3 c5 10. O-O-O Nc6 11. Qe4 cxd4 12. Bd3 g6 13. h4 e5 14. h5 Bf5
15. Qh4 Qxh4 16. Rxh4 Rfe8 17. hxg6 fxg6 18. Bc4+ Kg7 19. Rdh1 h5 20. Re1 Rac8
21. Bb5 Re6 22. Ng5 Rf6 23. Ne4 Bxe4 24. Rhxe4 Rxf2 25. c3 dxc3 26. bxc3 Rxg2
27. Bxc6 Rxc6 28. Rxe5 Rxc3+ 29. Kb1 Rc6 30. Re7+ Kh6 31. Rxb7 Rb6+ 32. Rxb6
axb6 33. Re6 h4 0-1

[Event "Titled Tue 26th Aug Late"]
[Site "chess.com INT"]
[Date "2025.08.26"]
[Round "4"]
[White "Kavyev, Ruslan"]
[Black "Kalogridis, Themistoklis"]
[Result "1-0"]
[WhiteTitle "FM"]
[BlackTitle "FM"]
[WhiteElo "2179"]
[BlackElo "2295"]
[WhiteFideId "34110981"]
[BlackFideId "25841475"]
[EventDate "2025.08.26"]

1. Nf3 d5 2. e3 Nf6 3. c4 e6 4. b3 Be7 5. Bb2 O-O 6. Nc3 c5 7. cxd5 exd5 8. d4
Nc6 9. Be2 Bf5 10. dxc5 Bxc5 11. O-O d4 12. Na4 d3 13. Nxc5 dxe2 14. Qxe2 b6 15.
Rfd1 Qe7 16. Nd3 Rfd8 17. Nf4 Nb4 18. Nd4 Be4 19. a3 Nbd5 20. Nxd5 Bxd5 21. b4
Bb7 22. f3 Re8 23. e4 Rad8 24. Nf5 Qe6 25. Qf2 Nh5 26. Rxd8 Rxd8 27. Qh4 1-0

[Event "Titled Tue 26th Aug Late"]
[Site "chess.com INT"]
[Date "2025.08.26"]
[Round "4"]
[White "Banzea, Alexandru-Bogdan"]
[Black "Zampronha, Wladimir Camilo"]
[Result "1-0"]
[WhiteTitle "IM"]
[WhiteElo "2394"]
[BlackElo "2157"]
[WhiteFideId "1232622"]
[BlackFideId "2103087"]
[EventDate "2025.08.26"]

1. d4 Nf6 2. Nc3 d5 3. Bf4 a6 4. e3 e6 5. Bd3 c5 6. dxc5 Bxc5 7. Nf3 Nc6 8. O-O
O-O 9. e4 dxe4 10. Nxe4 Nxe4 11. Bxe4 Qxd1 12. Rfxd1 Be7 13. Bxc6 bxc6 14. Bd6
Bxd6 15. Rxd6 f6 16. Rxc6 e5 17. Rd1 Bb7 18. Rc7 Bxf3 19. gxf3 Rf7 20. Rdd7 Rxd7
21. Rxd7 Rc8 22. c3 Rb8 23. b3 Rb6 24. c4 h5 25. Kf1 Kh7 26. Ke2 Kg6 27. Kd3 h4
28. h3 a5 29. c5 Rb5 30. c6 Rc5 31. c7 Kh6 32. a3 g5 33. b4 axb4 34. axb4 Rc1
35. b5 Rd1+ 36. Kc2 Rxd7 37. c8=Q 1-0

[Event "Titled Tue 26th Aug Late"]
[Site "chess.com INT"]
[Date "2025.08.26"]
[Round "4"]
[White "Amirkul, Alimzhan"]
[Black "Hernandez Leon, Sergio"]
[Result "1-0"]
[WhiteTitle "FM"]
[BlackTitle "CM"]
[WhiteElo "2242"]
[BlackElo "2117"]
[WhiteFideId "13718428"]
[BlackFideId "2285622"]
[EventDate "2025.08.26"]

1. e4 c5 2. d4 cxd4 3. Qxd4 Nc6 4. Qd3 Nf6 5. Nc3 e6 6. Nf3 a6 7. Be2 Qc7 8. O-O
Be7 9. a4 O-O 10. Be3 d6 11. Rfd1 Nd7 12. Bf4 Nde5 13. Qe3 Bf6 14. Nd4 Nxd4 15.
Rxd4 Ng6 16. Bxd6 Bxd4 17. Qxd4 Qd7 18. e5 Rd8 19. Rd1 Ne7 20. a5 Nf5 21. Qb6
Nxd6 22. Rxd6 1-0

[Event "Titled Tue 26th Aug Late"]
[Site "chess.com INT"]
[Date "2025.08.26"]
[Round "4"]
[White "Do Carmo, Gabriel Carckeno"]
[Black "Gavilan Diaz, Mario"]
[Result "0-1"]
[BlackTitle "FM"]
[WhiteElo "2051"]
[BlackElo "2195"]
[WhiteFideId "22783024"]
[BlackFideId "2260905"]
[EventDate "2025.08.26"]

1. c4 Nf6 2. Nc3 c5 3. e4 Nc6 4. g3 g6 5. Bg2 Bg7 6. Nge2 O-O 7. d3 e6 8. Be3
Qa5 9. O-O Rd8 10. h3 d5 11. exd5 exd5 12. cxd5 Nb4 13. Bg5 Bf5 14. a3 Nxd3 15.
g4 Nxb2 16. Qb3 Bd3 17. Qxb2 h6 18. Bxf6 Bxf6 0-1

[Event "Titled Tue 26th Aug Late"]
[Site "chess.com INT"]
[Date "2025.08.26"]
[Round "4"]
[White "Dessyn, Timothee"]
[Black "Rogov, Matfey"]
[Result "0-1"]
[WhiteTitle "FM"]
[BlackTitle "FM"]
[WhiteElo "2334"]
[BlackElo "2348"]
[WhiteFideId "651028859"]
[BlackFideId "44191308"]
[EventDate "2025.08.26"]

1. Nf3 g6 2. g3 Bg7 3. Bg2 d6 4. O-O Nc6 5. d4 Bd7 6. b3 Qc8 7. Re1 Bh3 8. Bh1
h5 9. Bg5 f6 10. Qd3 fxg5 11. Qxg6+ Kf8 12. Nxg5 Qf5 13. Be4 Qxg6 14. Bxg6 Nxd4
15. c3 Bf5 16. Bxf5 Nxf5 17. Ne6+ Kf7 18. Nxc7 Rc8 19. Nd5 e6 20. Nf4 Rxc3 21.
e4 Nd4 22. Nxc3 Nf3+ 23. Kf1 Bxc3 24. Rac1 Bxe1 25. Rc7+ Ne7 26. Ke2 Ba5 27.
Rxb7 Nxh2 28. Rxe7+ Kxe7 0-1

[Event "Titled Tue 26th Aug Late"]
[Site "chess.com INT"]
[Date "2025.08.26"]
[Round "4"]
[White "Itkis, Boris"]
[Black "Heinichen R., John Derek"]
[Result "0-1"]
[WhiteTitle "IM"]
[BlackTitle "CM"]
[WhiteElo "2250"]
[BlackElo "1966"]
[WhiteFideId "1209167"]
[BlackFideId "3700976"]
[EventDate "2025.08.26"]

1. d4 c5 2. d5 Nf6 3. c4 b5 4. cxb5 a6 5. b6 g6 6. Nc3 Bg7 7. Nf3 O-O 8. e4 d6
9. Be2 Nbd7 10. O-O Nxb6 11. a4 Rb8 12. a5 Na8 13. Bf4 Nh5 14. Bg3 Nxg3 15. hxg3
Rxb2 16. Na4 Rb4 17. Ra2 Qxa5 18. Qc2 Bd7 19. Nc3 Qb6 20. Rxa6 Rb2 21. Qc1 Qb7
22. Na4 Rxe2 0-1

[Event "Titled Tue 26th Aug Late"]
[Site "chess.com INT"]
[Date "2025.08.26"]
[Round "4"]
[White "Graif, William"]
[Black "Atanasov, Anthony"]
[Result "0-1"]
[WhiteTitle "FM"]
[BlackTitle "IM"]
[WhiteElo "2227"]
[BlackElo "2411"]
[WhiteFideId "2609835"]
[BlackFideId "2623897"]
[EventDate "2025.08.26"]

1. e4 e5 2. Nf3 Nf6 3. d4 Nxe4 4. dxe5 Bc5 5. Bc4 Nxf2 6. Bxf7+ Kxf7 7. Qd5+ Kg6
8. Qxc5 Nxh1 9. Qc4 d5 10. exd6 Re8+ 11. Kf1 Qxd6 12. Nh4+ Kh5 13. Nc3 Qa6 14.
Nb5 Qf6+ 15. Nf3 Qxf3+ 0-1

[Event "Titled Tue 26th Aug Late"]
[Site "chess.com INT"]
[Date "2025.08.26"]
[Round "4"]
[White "Garcia Cuenca, Victor"]
[Black "Fernandes, Rogerio Paulo Muller"]
[Result "1-0"]
[WhiteTitle "FM"]
[WhiteElo "2293"]
[BlackElo "2241"]
[WhiteFideId "2250829"]
[BlackFideId "2101599"]
[EventDate "2025.08.26"]

1. e3 c5 2. Nf3 g6 3. d4 cxd4 4. exd4 Bg7 5. Be2 Nf6 6. O-O O-O 7. c3 d6 8. Bf4
Qb6 9. Qb3 Qxb3 10. axb3 a6 11. h3 Bd7 12. Nbd2 Bc6 13. Nc4 Nbd7 14. Na5 Rac8
15. Nxc6 Rxc6 16. b4 d5 17. Rfe1 e6 18. Ra5 Nh5 19. Bh2 Nb6 20. b5 axb5 21. Rxb5
Ra8 22. g4 Nf6 23. Ne5 Rd6 24. Nxf7 Rc6 25. Ne5 Rd6 26. Nxg6 Rc6 27. Ne7+ Kf7
28. Nxc6 bxc6 29. Rxb6 1-0

[Event "Titled Tue 26th Aug Late"]
[Site "chess.com INT"]
[Date "2025.08.26"]
[Round "4"]
[White "Schnaider, Ilan"]
[Black "Taylor, Tristan"]
[Result "1-0"]
[WhiteTitle "IM"]
[WhiteElo "2386"]
[BlackElo "1973"]
[WhiteFideId "169013"]
[BlackFideId "2635054"]
[EventDate "2025.08.26"]

1. e4 e6 2. d3 d5 3. Nd2 Nf6 4. g3 Nc6 5. Bg2 dxe4 6. dxe4 e5 7. c3 a5 8. Ngf3
Bc5 9. O-O O-O 10. Qc2 Qe7 11. Nc4 b5 12. Ne3 Bxe3 13. Bxe3 Be6 14. h3 Bc4 15.
Rfe1 a4 16. b3 Be6 17. b4 Rfd8 18. Rad1 Bc4 19. Bc5 Qe6 20. Ng5 Qe8 21. f4 Rxd1
22. Qxd1 Rd8 23. Qc1 Nd7 24. Be3 Bd3 25. Bf2 Nb6 26. Nf3 Nc4 27. f5 Ne7 28. f6
gxf6 29. Nh4 Nc8 30. Qh6 Qf8 31. Qxf6 Rd6 32. Qg5+ Kh8 33. Bc5 f6 34. Qh5 Ne7
35. Bxd6 cxd6 36. Bf1 Bxf1 37. Rxf1 Nd2 38. Re1 d5 39. exd5 Kg7 40. d6 Nd5 41.
Nf5+ Kh8 42. d7 1-0

[Event "Titled Tue 26th Aug Late"]
[Site "chess.com INT"]
[Date "2025.08.26"]
[Round "4"]
[White "Mizzi, Jack"]
[Black "Ocampos, Ian"]
[Result "1-0"]
[WhiteTitle "CM"]
[WhiteElo "2130"]
[BlackElo "2195"]
[WhiteFideId "5602521"]
[BlackFideId "117544"]
[EventDate "2025.08.26"]

1. d4 Nf6 2. c4 g6 3. Nf3 Bg7 4. g3 O-O 5. Bg2 d6 6. O-O c6 7. Nc3 Bf5 8. Ne1 d5
9. cxd5 cxd5 10. Qb3 Nc6 11. e3 Na5 12. Qd1 e6 13. Nd3 h5 14. h4 Ne4 15. Nxe4
Bxe4 16. f3 Bxd3 17. Qxd3 Rc8 18. b3 a6 19. Ba3 Re8 20. Rac1 Nc6 21. Rc2 Qa5 22.
Bc5 Nb4 23. Bxb4 Qxb4 24. Rfc1 Rxc2 25. Qxc2 e5 26. dxe5 Bxe5 27. f4 Bb8 28.
Bxd5 Qe7 29. Qxg6+ Kh8 30. Qxh5+ Kg8 31. Qg6+ Kh8 32. Qh6+ Kg8 33. e4 Ba7+ 34.
Kg2 Qa3 35. Qg6+ Kh8 36. Qh5+ Kg8 37. Qxf7+ 1-0

[Event "Titled Tue 26th Aug Late"]
[Site "chess.com INT"]
[Date "2025.08.26"]
[Round "4"]
[White "Livaic, Leon"]
[Black "Yeganegi, Barad"]
[Result "1-0"]
[WhiteTitle "GM"]
[BlackTitle "FM"]
[WhiteElo "2550"]
[BlackElo "2400"]
[WhiteFideId "14531534"]
[BlackFideId "42516340"]
[EventDate "2025.08.26"]

1. d4 Nf6 2. c4 b6 3. f3 c5 4. d5 e6 5. e4 exd5 6. cxd5 Bd6 7. Nc3 h6 8. f4 O-O
9. e5 Re8 10. Be2 Bxe5 11. fxe5 Rxe5 12. Nf3 Re8 13. O-O d6 14. h3 Nbd7 15. Bf4
Ne5 16. Nxe5 dxe5 17. Bg3 Bb7 18. Bc4 a6 19. a4 Qd6 20. Qf3 Rad8 21. Rae1 Rd7
22. Qf5 Rde7 23. Bh4 Bc8 24. Qf2 e4 25. Bxf6 e3 26. Qf4 Qxf4 27. Rxf4 gxf6 28.
d6 Re5 29. Rxf6 Be6 30. Bxe6 R5xe6 31. d7 Rd8 32. Rxe6 fxe6 33. Rxe3 Rxd7 34.
Rxe6 b5 35. axb5 axb5 36. Nxb5 Rd1+ 37. Kh2 Rd2 38. Rxh6 Rxb2 39. Nd6 Rb6 40.
Nf5 Rb5 41. Rc6 c4 42. Nd6 1-0

[Event "Titled Tue 26th Aug Late"]
[Site "chess.com INT"]
[Date "2025.08.26"]
[Round "4"]
[White "Germanovs, Georgijs"]
[Black "Jimenez Salas, Maria Teresa"]
[Result "1-0"]
[WhiteTitle "CM"]
[BlackTitle "WIM"]
[WhiteElo "2260"]
[BlackElo "2249"]
[WhiteFideId "11609710"]
[BlackFideId "3843866"]
[EventDate "2025.08.26"]

1. e4 c5 2. Nf3 Nc6 3. Bb5 e6 4. O-O Nge7 5. Re1 a6 6. Bf1 d5 7. exd5 Nxd5 8. d4
Nf6 9. Be3 Be7 10. dxc5 Qxd1 11. Rxd1 Ng4 12. Bd4 Nxd4 13. Rxd4 e5 14. Re4 f5
15. Re2 e4 16. Nd4 Bxc5 17. c3 O-O 18. Nd2 Bxd4 19. cxd4 Rd8 20. f3 exf3 21.
Nxf3 Bd7 22. Re7 Bc6 23. Bc4+ Kh8 24. Rae1 h6 25. d5 Bxd5 26. Bxd5 Rxd5 27. Rxb7
Rc8 28. h3 Nf6 29. Ree7 Rg8 30. Nh4 Kh7 31. Re6 Rd1+ 32. Kh2 Nh5 33. Nxf5 Rd2
34. Rxh6# 1-0